[Event "Titled Tuesday intern op 7th Mar Late"]
[Site "Chess.com INT"]
[Date "2023.03.07"]
[Round "6"]
[White "Kaganskiy, Gleb"]
[Black "Flores Quillas, Diego Saul Rodrigo"]
[Result "1-0"]
[WhiteElo "2183"]
[BlackElo "2359"]
[PlyCount "75"]
[EventDate "2023.03.07"]
[EventType "swiss (blitz)"]
[EventRounds "11"]
[EventCountry "USA"]
[SourceTitle "EXT 2024"]
[Source "ChessBase"]
[SourceDate "2023.10.10"]
[SourceVersion "1"]
[SourceVersionDate "2023.10.10"]
[SourceQuality "1"]

1. e4 c5 2. Nf3 d6 3. Bb5+ Nd7 4. a4 a6 5. Be2 Ngf6 6. Nc3 e6 7. d4 cxd4 8. Qxd4 b6 9. 0-0 Bb7 10. Rd1 Qc7 11. h3 Be7 12. Qe3 0-0 13. Nd4 d5 14. exd5 Nxd5 15. Nxd5 Bxd5 16. Bf3 Nf6 17. b3 Bc5 18. c4 Bxf3 19. Qxf3 Rad8 20. Bb2 Rd7 21. Nc6 Rfd8 22. Nxd8 Qxd8 23. Bxf6 gxf6 24. Rxd7 Qxd7 25. Qxf6 Bd4 26. Qg5+ Kh8 27. Re1 Bg7 28. Qe3 Bd4 29. Qe4 Bc5 30. Qa8+ Kg7 31. Qxa6 Qd2 32. Rf1 e5 33. Qb7 Kg6 34. Qc6+ Kg7 35. Qd5 Qc2 36. Qxe5+ f6 37. Qg3+ Kf7 38. Re1 1-0